00294nam a2200085Ia 4500008004100000041000800041100002200049245010600071260003100177241105s9999 xx 000 0 und d aeng aSatpathy Shivani. aUrban Landscape Linkages And Transit Oriented Development In Pune Bund Garden To Mangalwar Peth (Rto) bBNCA M Arch LA, Punec2019